Policy analysis and social science research /

Bibliographic Details
Main Author: Nagel, Stuart S., 1934-
Other Authors: Neef, Marian
Format: Book
Language:English
Published: Beverly Hills : Sage Publications, [1979]
Series:Sage library of social research ; v. 72.
Subjects:

MARC

Tag First Indicator Second Indicator Subfields
LEADER 00000pam a2200000 i 4500
001 in00000264635
005 20151010054228.0
008 780912s1979 caua b 00110 eng
010 |a  78011463  
020 |z 0803911564. 
020 |a 0803911572 (pbk.) 
035 |a (OCoLC)04498357 
035 |9 ABC7179AM 
040 |a DLC  |c DLC  |d TXA  |d UtOrBLW 
049 |a TXAM  |c [978272] 
050 0 0 |a H62  |b .N23 
082 0 |a 300/.7/2 
100 1 |a Nagel, Stuart S.,  |d 1934- 
245 1 0 |a Policy analysis and social science research /  |c Stuart S. Nagel, Marian Neef. 
264 1 |a Beverly Hills :  |b Sage Publications,  |c [1979] 
264 4 |c ©1979 
300 |a 240 pages :  |b illustrations ;  |c 22 cm. 
336 |a text  |b txt  |2 rdacontent 
337 |a unmediated  |b n  |2 rdamedia 
338 |a volume  |b nc  |2 rdacarrier 
490 1 |a Sage library of social research ;  |v v. 72 
504 |a Includes bibliographies and index. 
650 0 |a Social sciences  |x Research. 
650 0 |a Policy sciences. 
700 1 |a Neef, Marian. 
830 0 |a Sage library of social research ;  |v v. 72. 
999 |a MARS 
999 f f |s bcdcfe2f-b796-3eff-b883-bb2295667a2e  |i 242b05dd-3cb1-3d08-9524-8e74963ed65d  |t 0 
952 f f |p ric  |a Texas A&M University  |b Rellis Campus  |c Joint Library Facility  |d Remote Storage  |t 0  |e H62 .N23  |h Library of Congress classification  |i unmediated -- volume  |m A14802513933 
998 f f |a H62 .N23  |t 0  |l Remote Storage